Rosa Torino FC 2023-24 - Statistics

Statistiche generali
  • Questo quiz è stato fatto 66 volte
    59 dall'ultimo reset
  • Il punteggio medio è 17 su 33
Statistiche sulle risposte
Numero Ruolo Giocatore Nazionalità % Corretto
9 ATT Antonio Sanabria Paraguay
92%
32 POR Vanja Milinković-Savić Serbia
90%
4 DIF Alessandro Buongiorno Italia
88%
91 ATT Duván Zapata Colombia
87%
5 DIF Adam Masina Marocco
83%
3 DIF Perr Schuurs Paesi Bassi
77%
28 CEN Samuele Ricci Italia
77%
8 CEN Ivan Ilić Serbia
75%
16 CEN Nikola Vlašić Croazia
75%
13 DIF Ricardo Rodríguez Svizzera
67%
77 CEN Karol Linetty Polonia
65%
27 DIF Mërgim Vojvoda Kosovo
65%
20 DIF Valentino Lazaro Austria
63%
19 DIF Raoul Bellanova Italia
58%
61 CEN Adrien Tameze Francia
52%
66 CEN Gvidas Gineitis Lituania
52%
15 DIF Saba Sazonov Georgia
52%
(7) (ATT) (Yann Karamoh) (Francia)
52%
(10) (ATT) (Nemanja Radonjić) (Serbia)
50%
11 ATT Pietro Pellegri Italia
50%
1 POR Luca Gemello Italia
48%
(6) (DIF) (David Zima) (Repubblica Ceca)
44%
26 DIF Koffi Djidji Costa D'Avorio
38%
(23) (ATT) (Demba Seck) (Senegal)
33%
71 POR Mihai Popa Romania
29%
79 ATT Zannetos Savva Cipro
27%
21 ATT David Okereke Nigeria
25%
6 DIF Matteo Lovato Italia
23%
25 DIF Alessandro Dellavalle Italia
13%
(93) (DIF) (Brandon Soppy) (Francia)
12%
(65) (POR) (Pietro Passador) (Italia)
10%
17 ATT Uroš Kabić Serbia
8%
73 POR Matteo Fiorenza Italia
4%
Nessun quiz corrispondente trovato
Distribuzione punteggi
Percentuale di utenti per punteggio
Percentile per numero di risposta
I tuoi punteggi nel tempo
Non hai fatto questo quiz dall'ultimo reset